000 00489nam a2200169 a 4500
001 000039435
003 Ots
005 20260321073643.0
008 130627s1990 dr a 000 0 spa d
040 _aDO-SdBNP
_bspa
_cBNPHU
100 1 _aJáquez, José
_91321
245 1 0 _aAjí tití /
_cJosé Jáquez ; prólogo Juan Bosch.
260 _aSanto Domingo :
_bAmigo del Hogar,
_c1990.
300 _a254 p. :
_bils. ;
_c23 cm.
700 1 _a Bosch, Juan,
_d1909-2001
_976555
942 _2ddc
_cLBS1
999 _c38925
_d38925